000 00637nab a2200217 a 4500
001 55118
003 125874
005 20201118103055.0
008 ||||||n9999 ||| || ||
041 _aspa
100 _aRaimondi, Carlos A.
245 0 _aRepresentacion y administracion de las sociedades :
_bpp.427-451
260 _aBuenos Aires :
_bContabilidad Moderna,
_c1972.
562 _e0
650 _aADMINISTRACIÓN DE EMPRESAS
650 _aANALISIS CONCEPTUAL
650 _aREPRESENTACION LEGAL
650 _aSOCIEDADES COMERCIALES
773 _053238
_aAdministracion de empresas - Vol.3 No.29 (1972)
942 _cSART
999 _c55118
_d55118